| 000 | 00858nam a22002175i 4500 | ||
|---|---|---|---|
| 001 | 165677 | ||
| 003 | ES-MaACL | ||
| 005 | 20250826070745.0 | ||
| 008 | 971110s1898 fr |||| | fre d | ||
| 100 | 1 |
_aSpencer, Herbert, _d1820-1903 _9107684 |
|
| 245 | 1 | 4 |
_aLes institutions professionnelles et industrielles _b: fin des principes de sociologie / _cpar Herbert Spencer ; traduit par Henry de Varigny. |
| 260 |
_aParis : _bGuillaumin et Cie., _c1898. |
||
| 300 |
_aIII, 526 p. ; _c23 cm. |
||
| 490 | 1 | _aBibliothèque de philosophie contemporaine | |
| 650 | 7 |
_aTrabajo- _vHistoria _2 _9147608 |
|
| 650 | 4 |
_aSociología industrial. _917214 |
|
| 700 | 1 |
_aVarigny, Henry Crosnier de ( _d1855-1934?) _9157468 |
|
| 830 | 1 |
_aBibliothèque de philosophie contemporaine _9181027 |
|
| 852 |
_aES-MaACL _jB-5573 _z- Enc. hol. |
||
| 999 |
_c165677 _d165677 |
||